<?xml version="1.0" encoding="UTF-8"?>
<record
    xmlns:xsi="http://www.w3.org/2001/XMLSchema-instance"
    xsi:schemaLocation="http://www.loc.gov/MARC21/slim http://www.loc.gov/standards/marcxml/schema/MARC21slim.xsd"
    xmlns="http://www.loc.gov/MARC21/slim">

  <leader>00865nam a22001817a 4500</leader>
  <controlfield tag="005">20120326152210.0</controlfield>
  <datafield tag="020" ind1=" " ind2=" ">
    <subfield code="c">70.00</subfield>
    <subfield code="a">8173271275</subfield>
  </datafield>
  <datafield tag="035" ind1=" " ind2=" ">
    <subfield code="a">B-155929</subfield>
  </datafield>
  <datafield tag="037" ind1=" " ind2=" ">
    <subfield code="b"> </subfield>
    <subfield code="a">dpl</subfield>
  </datafield>
  <datafield tag="082" ind1=" " ind2=" ">
    <subfield code="a">310</subfield>
  </datafield>
  <datafield tag="100" ind1=" " ind2=" ">
    <subfield code="a">&#x92C;&#x94D;&#x92F;&#x94C;&#x939;&#x93E;&#x930;, &#x92C;&#x94D;&#x930;&#x91C;&#x915;&#x93F;&#x936;&#x94B;&#x930;</subfield>
    <subfield code="9">44322</subfield>
  </datafield>
  <datafield tag="245" ind1=" " ind2=" ">
    <subfield code="a">&#x938;&#x930;&#x932; &#x938;&#x93E;&#x902;&#x916;&#x94D;&#x92F;&#x93F;&#x915;&#x940;&#x92F; &#x938;&#x93F;&#x926;&#x94D;&#x927;&#x93E;&#x928;&#x94D;&#x924; &#x90F;&#x935;&#x902; &#x909;&#x928;&#x915;&#x947; &#x909;&#x92A;&#x92F;&#x94B;&#x917; /</subfield>
    <subfield code="c">&#x92C;&#x94D;&#x930;&#x91C;&#x915;&#x93F;&#x936;&#x94B;&#x930; &#x92C;&#x94D;&#x92F;&#x94C;&#x939;&#x93E;&#x930;</subfield>
  </datafield>
  <datafield tag="260" ind1=" " ind2=" ">
    <subfield code="a">&#x92D;&#x94B;&#x92A;&#x93E;&#x932;</subfield>
    <subfield code="b">&#x92E;&#x927;&#x94D;&#x92F;&#x92A;&#x94D;&#x930;&#x926;&#x947;&#x936; &#x939;&#x93F;&#x928;&#x94D;&#x926;&#x940; &#x917;&#x94D;&#x930;&#x928;&#x94D;&#x925; &#x905;&#x915;&#x93E;&#x926;&#x92E;&#x940;</subfield>
    <subfield code="c">2006</subfield>
  </datafield>
  <datafield tag="270" ind1=" " ind2=" ">
    <subfield code="a"> </subfield>
    <subfield code="b"> </subfield>
    <subfield code="e"> </subfield>
    <subfield code="k"> </subfield>
  </datafield>
  <datafield tag="300" ind1=" " ind2=" ">
    <subfield code="a">276&#x92A;&#x943;.</subfield>
    <subfield code="c">22&#x938;&#x947;&#x92E;&#x940; (&#x905;&#x91C;&#x93F;&#x932;&#x94D;&#x926;)</subfield>
  </datafield>
  <datafield tag="942" ind1=" " ind2=" ">
    <subfield code="a">dpl</subfield>
    <subfield code="c">HN</subfield>
    <subfield code="k"> </subfield>
    <subfield code="2">ddc</subfield>
    <subfield code="h">310</subfield>
    <subfield code="m">&#x92C;&#x94D;&#x92F;&#x94C;&#x939;&#x93E;&#x930;</subfield>
  </datafield>
  <datafield tag="999" ind1=" " ind2=" ">
    <subfield code="c">64400</subfield>
    <subfield code="d">64400</subfield>
  </datafield>
  <datafield tag="952" ind1=" " ind2=" ">
    <subfield code="0">0</subfield>
    <subfield code="1">0</subfield>
    <subfield code="4">0</subfield>
    <subfield code="7">0</subfield>
    <subfield code="8">NFIC</subfield>
    <subfield code="a">ZLS</subfield>
    <subfield code="b">ZLS</subfield>
    <subfield code="d">2012-03-26</subfield>
    <subfield code="g">70.00</subfield>
    <subfield code="l">0</subfield>
    <subfield code="o">310 &#x92C;&#x94D;&#x92F;&#x94C;&#x939;&#x93E;&#x930;</subfield>
    <subfield code="p">B-155929</subfield>
    <subfield code="r">2012-03-26 00:00:00</subfield>
    <subfield code="v">70.00</subfield>
    <subfield code="w">2012-03-26</subfield>
    <subfield code="y">HN</subfield>
  </datafield>
</record>
